[Event "Meyreuil Promotion 0405"]
[Site "Meyreuil"]
[Date "2005.02.19"]
[Round "6"]
[White "Kolb, Sebastien"]
[Black "Briquet, Xavier"]
[Result "1-0"]
[WhiteElo "2040"]
[BlackElo "1490"]
[PlyCount "31"]
[EventDate "2004.10.16"]
[EventType "tourn"]
[EventRounds "9"]
[EventCountry "FRA"]
[SourceTitle "EXT 2008"]
[Source "ChessBase"]
[SourceDate "2007.11.25"]
[SourceVersion "1"]
[SourceVersionDate "2007.11.25"]
[SourceQuality "1"]

1. e4 e5 2. Nf3 Nc6 3. d4 exd4 4. Nxd4 Nxd4 5. Qxd4 d6 6. Bc4 Be6 7. 0-0 Nf6 8. Nc3 Be7 9. f4 c6 10. Kh1 0-0 11. Be2 d5 12. e5 Nd7 13. f5 Bc5 14. Qf4 d4 15. f6 dxc3 16. Qg5 1-0

[Event "Provence-ch prom Vitrolles 0001"]
[Site "France"]
[Date "2000.??.??"]
[Round "2"]
[White "Briquet, Xavier"]
[Black "Sage, Jean Claude"]
[Result "1-0"]
[WhiteElo "1510"]
[BlackElo "1600"]
[PlyCount "33"]
[EventDate "2000.??.??"]
[EventType "tourn"]
[EventRounds "9"]
[EventCountry "FRA"]
[SourceTitle "EXT 2005"]
[Source "ChessBase"]
[SourceDate "2004.11.15"]
[SourceVersion "1"]
[SourceVersionDate "2004.11.15"]
[SourceQuality "1"]

1. e4 e5 2. Nf3 Nc6 3. Bc4 Nf6 4. Nc3 Nxe4 5. Bxf7+ Kxf7 6. Nxe4 d5 7. Ng3 e4 8. Ng1 Bc5 9. d3 Re8 10. dxe4 dxe4 11. Qh5+ Kg8 12. Qxc5 Bg4 13. N1e2 Re5 14. Qe3 Nb4 15. Qb3+ Rd5 16. 0-0 Bxe2 17. Nxe2 1-0

[Event "Provence-ch prom Vitrolles 9900"]
[Site "France"]
[Date "2000.??.??"]
[Round "7"]
[White "Briquet, Xavier"]
[Black "Teuliere, Celine"]
[Result "0-1"]
[WhiteElo "1400"]
[BlackElo "1760"]
[PlyCount "154"]
[EventDate "1999.??.??"]
[EventType "tourn"]
[EventRounds "9"]
[EventCountry "FRA"]
[SourceTitle "EXT 2005"]
[Source "ChessBase"]
[SourceDate "2004.11.15"]
[SourceVersion "1"]
[SourceVersionDate "2004.11.15"]
[SourceQuality "1"]

1. e4 d5 2. exd5 Nf6 3. d4 Bg4 4. Be2 Bxe2 5. Nxe2 Qxd5 6. 0-0 e6 7. c3 Be7 8. Bf4 Qd7 9. Nd2 Nc6 10. Ng3 0-0 11. Nde4 Nxe4 12. Nxe4 Bd6 13. Qg4 f5 14. Qh4 fxe4 15. Bxd6 cxd6 16. Qxe4 Rae8 17. Rad1 e5 18. d5 Ne7 19. c4 Rf4 20. Qc2 Rc8 21. b3 b5 22. Rc1 bxc4 23. bxc4 Nxd5 24. Qb3 Nf6 25. c5+ Kf8 26. cxd6 Rxc1 27. Rxc1 Qxd6 28. h3 Rb4 29. Qf3 Rb8 30. Rd1 Qe7 31. Qf5 g6 32. Qf3 Kg7 33. h4 Rf8 34. Qc6 Rd8 35. Re1 Rd6 36. Qc3 Re6 37. Kh1 e4 38. g4 Kg8 39. g5 Ne8 40. Qb3 Kf8 41. Qb8 e3 42. fxe3 Re4 43. Qg3 Qe5 44. Rf1+ Kg8 45. Qf2 Qf5 46. Qxf5 gxf5 47. Rxf5 Rxe3 48. Rf4 Ra3 49. Re4 Nd6 50. Rd4 Nf5 51. Rf4 Ra5 52. a4 Nd6 53. Kg2 Nc8 54. Kg3 Nb6 55. Kg4 Rxa4 56. Rxa4 Nxa4 57. Kf4 Kf7 58. h5 Kg7 59. Kf5 Nb6 60. g6 hxg6+ 61. hxg6 a5 62. Ke4 a4 63. Kd3 Kxg6 64. Kc3 Kf5 65. Kb4 Ke4 66. Kc3 Ke3 67. Kc2 Ke2 68. Kc3 Kd1 69. Kb2 Kd2 70. Kb1 Kc3 71. Ka2 Nc4 72. Kb1 Kb3 73. Ka1 Ne3 74. Kb1 Nc2 75. Kc1 a3 76. Kb1 a2+ 77. Kc1 a1Q+ 0-1

[Event "Provence-ch prom Vitrolles 9900"]
[Site "France"]
[Date "2000.??.??"]
[Round "6"]
[White "Wesoly, J."]
[Black "Briquet, Xavier"]
[Result "1-0"]
[WhiteElo "1530"]
[BlackElo "1400"]
[PlyCount "100"]
[EventDate "1999.??.??"]
[EventType "tourn"]
[EventRounds "9"]
[EventCountry "FRA"]
[SourceTitle "EXT 2005"]
[Source "ChessBase"]
[SourceDate "2004.11.15"]
[SourceVersion "1"]
[SourceVersionDate "2004.11.15"]
[SourceQuality "1"]

1. b3 e5 2. Nf3 Nc6 3. Bb2 d6 4. e3 Bd7 5. Bb5 Nf6 6. 0-0 g6 7. d4 exd4 8. exd4 Bg7 9. Re1+ Ne7 10. Bxd7+ Qxd7 11. Qe2 Nfg8 12. c4 0-0-0 13. d5 Bxb2 14. Qxb2 f6 15. Nbd2 Rf8 16. Qd4 Kb8 17. Ne4 Nf5 18. Qc3 h5 19. Nfg5 h4 20. Ne6 Rf7 21. h3 Rh6 22. Nd4 Nxd4 23. Qxd4 f5 24. Nc3 a6 25. Re6 Re7 26. Rae1 g5 27. Rxe7 Nxe7 28. Qg7 Rg6 29. Qxe7 Qxe7 30. Rxe7 c6 31. b4 cxd5 32. Nxd5 g4 33. Kf1 Rg8 34. Re6 Rc8 35. Ne3 f4 36. Nxg4 Rxc4 37. Rxd6 Rxb4 38. Rd2 Ka7 39. Ne5 a5 40. Nf3 Ka6 41. Nxh4 a4 42. Nf3 Re4 43. Re2 Rc4 44. Rd2 Ka5 45. Rd5+ b5 46. h4 Kb4 47. Rd3 Rc1+ 48. Ne1 Ra1 49. a3+ Rxa3 50. Nc2+ Kc4 1-0

[Event "Provence-ch prom Vitrolles 9900"]
[Site "France"]
[Date "1999.??.??"]
[Round "3"]
[White "Briquet, Xavier"]
[Black "Cogno, Sebastien"]
[Result "1-0"]
[WhiteElo "1400"]
[BlackElo "1490"]
[PlyCount "96"]
[EventDate "1999.??.??"]
[EventType "tourn"]
[EventRounds "9"]
[EventCountry "FRA"]
[SourceTitle "EXT 2005"]
[Source "ChessBase"]
[SourceDate "2004.11.15"]
[SourceVersion "1"]
[SourceVersionDate "2004.11.15"]
[SourceQuality "1"]

1. e4 b6 2. d4 e6 3. Nc3 Bb7 4. Nf3 d6 5. Bd3 Be7 6. e5 dxe5 7. dxe5 Nd7 8. 0-0 Bxf3 9. Qxf3 Nxe5 10. Bb5+ Nd7 11. Rd1 Bd6 12. Bxd7+ Kxd7 13. Nb5 Nf6 14. Rxd6+ cxd6 15. Qb7+ Ke8 16. Nc7+ Kf8 17. Nxa8 Nd5 18. Qxa7 f6 19. c4 Ne7 20. Nxb6 d5 21. cxd5 Nxd5 22. Nxd5 Qxd5 23. Be3 Qd8 24. Re1 h6 25. g3 Kg8 26. Qa6 Kh7 27. Bc1 Re8 28. Qa4 Re7 29. Qc2+ Kh8 30. Qc6 e5 31. b3 Qa5 32. Rd1 Rc7 33. Qe4 Rc8 34. a4 Qa6 35. Ba3 Qe6 36. Qd5 Qg4 37. Rc1 Rxc1+ 38. Bxc1 Qb4 39. Bd2 Qa3 40. a5 Qa2 41. Be3 e4 42. Qa8+ Kh7 43. Qxe4+ Kh8 44. b4 Qb3 45. a6 f5 46. Qb7 Qb1+ 47. Kg2 Qe4+ 48. Qxe4 fxe4 1-0